Georgian Dishes (Record no. 2127)

000 -LEADER
fixed length control field 00423nam a22001817a 4500
003 - CONTROL NUMBER IDENTIFIER
control field OSt
005 - DATE AND TIME OF LATEST TRANSACTION
control field 20241107073737.0
008 - FIXED-LENGTH DATA ELEMENTS--GENERAL INFORMATION
fixed length control field 210311n ||||| |||| 00| 0 eng d
040 ## - CATALOGING SOURCE
Original cataloging agency eng
Language of cataloging eng
Transcribing agency DLC
041 ## - LANGUAGE CODE
Language code of text/sound track or separate title eng
080 ## - UNIVERSAL DECIMAL CLASSIFICATION NUMBER
Universal Decimal Classification number 641
Item number B-45
100 ## - MAIN ENTRY--PERSONAL NAME
9 (RLIN) 1362
Personal name Beradze, Merab
245 ## - TITLE STATEMENT
Title Georgian Dishes
300 ## - PHYSICAL DESCRIPTION
Extent 218 p.
Other physical details ill.
650 #0 - SUBJECT ADDED ENTRY--TOPICAL TERM
9 (RLIN) 468
Topical term or geographic name entry element Culinary
653 ## - INDEX TERM--UNCONTROLLED
Uncontrolled term კულინარია
942 ## - ADDED ENTRY ELEMENTS (KOHA)
Source of classification or shelving scheme
Koha item type Books
Holdings
Withdrawn status Lost status Source of classification or shelving scheme Damaged status Not for loan Permanent location Current location Date acquired Inventory number Total Checkouts Full call number Barcode Date last seen Price effective from Koha item type
          Ken Walker International University Ken Walker International University 03/11/2021 594   641 B-45 594 03/11/2021 03/11/2021 Books

Powered by Koha